000 00604nam a2200181Ia 4500
008 140626s9999 xx 000 0 und d
100 _aLuiselli, James.
245 _aDescriptive analysis of physical restraint (protective holding) among community living adults with intellectual disability /
_cJames Luiselli... [et al.].
260 _cc2011.
300 _a15 : 2, page 93
440 _aJournal of Intellectual Disabilities
521 _aSPED
650 _aAdults.
650 _aCommunity-based settings.
650 _aIntellectual disability.
650 _aPhysical restraint.
942 _cSE
999 _c120964
_d120964